<?xml version="1.0" encoding="UTF-8"?>
<record
    xmlns:xsi="http://www.w3.org/2001/XMLSchema-instance"
    xsi:schemaLocation="http://www.loc.gov/MARC21/slim http://www.loc.gov/standards/marcxml/schema/MARC21slim.xsd"
    xmlns="http://www.loc.gov/MARC21/slim">

  <leader>01393nam a22003737a 4500</leader>
  <controlfield tag="003">DO-SdBPM</controlfield>
  <controlfield tag="005">20250819104244.0</controlfield>
  <controlfield tag="007">ta</controlfield>
  <controlfield tag="008">161031b1996 xx a     00| 0 spa d</controlfield>
  <datafield tag="020" ind1=" " ind2=" ">
    <subfield code="a">0673758389</subfield>
  </datafield>
  <datafield tag="040" ind1=" " ind2=" ">
    <subfield code="a">DO-SdBPM</subfield>
    <subfield code="b">spa</subfield>
    <subfield code="c">BPMSU</subfield>
    <subfield code="e">rda</subfield>
  </datafield>
  <datafield tag="082" ind1=" " ind2="4">
    <subfield code="a">813</subfield>
    <subfield code="b">C953e 1996</subfield>
    <subfield code="2">22</subfield>
  </datafield>
  <datafield tag="100" ind1="1" ind2=" ">
    <subfield code="a">Crowninshield, Ethel</subfield>
  </datafield>
  <datafield tag="245" ind1="1" ind2="3">
    <subfield code="a">El enorme cocodrilo /</subfield>
    <subfield code="c">Ethel Crowninshield ; adaptaci&#xF3;n Andrea Almada ; ilustraciones Elwood H. Smith ;  traducci&#xF3;n Patricia Almada, Mercedes Quintana Barrag&#xE1;n, Natalia Ruano Martinez </subfield>
  </datafield>
  <datafield tag="264" ind1=" " ind2=" ">
    <subfield code="a">Estados Unidos : </subfield>
    <subfield code="b">Celebration Press ;</subfield>
    <subfield code="b">Scott Foresman, </subfield>
    <subfield code="c">1996.</subfield>
  </datafield>
  <datafield tag="300" ind1=" " ind2=" ">
    <subfield code="a">8 p&#xE1;ginas  : </subfield>
    <subfield code="b">ilustraciones  ; </subfield>
    <subfield code="c">18 cm. </subfield>
  </datafield>
  <datafield tag="336" ind1=" " ind2=" ">
    <subfield code="a">texto</subfield>
    <subfield code="b">txt</subfield>
    <subfield code="2">rdacontent </subfield>
  </datafield>
  <datafield tag="337" ind1=" " ind2=" ">
    <subfield code="a">sin mediaci&#xF3;n </subfield>
    <subfield code="b">n</subfield>
    <subfield code="2">rdamedia </subfield>
  </datafield>
  <datafield tag="338" ind1=" " ind2=" ">
    <subfield code="a">volumen </subfield>
    <subfield code="b">nc</subfield>
    <subfield code="2">rdacarrier </subfield>
  </datafield>
  <datafield tag="490" ind1="0" ind2=" ">
    <subfield code="a">Peque&#xF1;itas celebraciones </subfield>
  </datafield>
  <datafield tag="590" ind1=" " ind2=" ">
    <subfield code="a">Inventariado, 2025/VM </subfield>
  </datafield>
  <datafield tag="650" ind1=" " ind2="7">
    <subfield code="a">Cuentos infantiles estadounidense </subfield>
  </datafield>
  <datafield tag="650" ind1=" " ind2="7">
    <subfield code="a">Libros ilustrados para ni&#xF1;os </subfield>
  </datafield>
  <datafield tag="700" ind1="1" ind2=" ">
    <subfield code="a">Smith, Elwood H.</subfield>
    <subfield code="e">ilustraci&#xF3;n </subfield>
  </datafield>
  <datafield tag="700" ind1="1" ind2=" ">
    <subfield code="a">Almada, Andrea</subfield>
    <subfield code="e">adaptaci&#xF3;n </subfield>
  </datafield>
  <datafield tag="700" ind1="1" ind2=" ">
    <subfield code="a">Almada, Patricia</subfield>
    <subfield code="e">traductor </subfield>
  </datafield>
  <datafield tag="700" ind1="1" ind2=" ">
    <subfield code="a">Quintana Barrag&#xE1;n, Mercedes</subfield>
    <subfield code="e">traductora</subfield>
  </datafield>
  <datafield tag="700" ind1="1" ind2=" ">
    <subfield code="a">Ruano Martinez, Natalia</subfield>
    <subfield code="e">traductora</subfield>
  </datafield>
  <datafield tag="830" ind1=" " ind2="0">
    <subfield code="a">Peque&#xF1;itas celebraciones</subfield>
  </datafield>
  <datafield tag="910" ind1=" " ind2=" ">
    <subfield code="a">000144</subfield>
  </datafield>
  <datafield tag="942" ind1=" " ind2=" ">
    <subfield code="2">ddc</subfield>
    <subfield code="c">BK</subfield>
  </datafield>
  <datafield tag="945" ind1=" " ind2=" ">
    <subfield code="a">inventariado extranjero / DG</subfield>
  </datafield>
  <datafield tag="952" ind1=" " ind2=" ">
    <subfield code="0">0</subfield>
    <subfield code="1">0</subfield>
    <subfield code="2">ddc</subfield>
    <subfield code="7">0</subfield>
    <subfield code="8">CI-G</subfield>
    <subfield code="a">BPMET</subfield>
    <subfield code="b">BPMET</subfield>
    <subfield code="d">2017-10-31</subfield>
    <subfield code="e"> Biblioteca Infantil Juvenil Rep&#xFA;blica Dominicana</subfield>
    <subfield code="l">0</subfield>
    <subfield code="o">BPMSU CGI 813 C953e 1996</subfield>
    <subfield code="p">BPMSU17100198</subfield>
    <subfield code="r">2017-10-31</subfield>
    <subfield code="w">2017-10-31</subfield>
    <subfield code="y">BK</subfield>
  </datafield>
  <datafield tag="956" ind1=" " ind2=" ">
    <subfield code="2">YLOCKWARD</subfield>
    <subfield code="3">10</subfield>
    <subfield code="8">BPMSU</subfield>
    <subfield code="a">Yngrid Lockward</subfield>
  </datafield>
  <datafield tag="999" ind1=" " ind2=" ">
    <subfield code="c">12736</subfield>
    <subfield code="d">12736</subfield>
  </datafield>
</record>
